[Event "EU-Cup 39th"]
[Site "Vrnjacka Banja"]
[Date "2024.10.26"]
[Round "7.27"]
[White "Kalle, Erwin"]
[Black "Rota, Emile"]
[Result "1-0"]
[WhiteElo "2036"]
[BlackElo "1948"]
[PlyCount "101"]
[EventDate "2024.10.20"]
[EventType "team-swiss"]
[EventRounds "7"]
[EventCountry "SRB"]
[SourceTitle "CB45_2024"]
[Source "ChessBase"]
[SourceDate "2024.11.06"]
[SourceVersion "1"]
[SourceVersionDate "2024.11.06"]
[SourceQuality "1"]
[WhiteTeam "De Stukkenjagers"]
[BlackTeam "Differdange"]
[WhiteTeamCountry "NED"]
[BlackTeamCountry "LUX"]

1. c4 e5 2. d3 Nf6 3. Nf3 Bb4+ 4. Nbd2 Nc6 5. a3 Be7 6. b4 d6 7. Bb2 0-0 8. g3 Re8 9. Bg2 Bf8 10. 0-0 h6 11. Qc2 Bf5 12. e4 Be6 13. Rfe1 Qd7 14. Nb3 Bh3 15. Bh1 Qg4 16. Qe2 Qh5 17. Nh4 Qxe2 18. Rxe2 Rad8 19. Rae1 Bg4 20. Nf3 g6 21. Bg2 Bg7 22. h3 Be6 23. Nfd2 Nh5 24. Kh2 Rf8 25. b5 Ne7 26. d4 Kh7 27. a4 a6 28. Rc1 Ra8 29. c5 axb5 30. axb5 Ra2 31. Nc4 exd4 32. Rd2 dxc5 33. Nxc5 Bc8 34. e5 b6 35. Nb3 Be6 36. Nxd4 Bxc4 37. Rxc4 Bxe5 38. f4 Bd6 39. Rdc2 Ng7 40. Ne2 Ngf5 41. Nc3 Ra5 42. Re2 Nc8 43. Nd5 h5 44. Nf6+ Kh6 45. g4 hxg4 46. hxg4 Nfe7 47. Re3 Bxf4+ 48. Rxf4 Rxb5 49. g5+ Kxg5 50. Rg4+ Kf5 51. Be4+ 1-0

[Event "EU-Cup 39th"]
[Site "Vrnjacka Banja"]
[Date "2024.10.21"]
[Round "2.6"]
[White "Petersen, Finn Christopher"]
[Black "Kalle, Erwin"]
[Result "0-1"]
[WhiteElo "1905"]
[BlackElo "2036"]
[PlyCount "52"]
[EventDate "2024.10.20"]
[EventType "team-swiss"]
[EventRounds "7"]
[EventCountry "SRB"]
[SourceTitle "CB44_2024"]
[Source "Chessbase"]
[SourceDate "2024.10.30"]
[SourceVersion "1"]
[SourceVersionDate "2024.10.30"]
[SourceQuality "1"]
[WhiteTeam "Kiel Doppelbauer"]
[BlackTeam "De Stukkenjagers"]
[WhiteTeamCountry "GER"]
[BlackTeamCountry "NED"]

1. e4 c5 2. Nf3 d6 3. d4 cxd4 4. Nxd4 Nf6 5. Nc3 a6 6. Be3 e5 7. Nb3 Be7 8. Be2 Be6 9. Qd2 Nbd7 10. 0-0 0-0 11. Rad1 Rc8 12. h3 Qc7 13. Kh1 b5 14. a3 Nb6 15. f4 Rfd8 16. g4 d5 17. fxe5 Nxe4 18. Nxe4 dxe4 19. Qe1 Nd5 20. Qf2 Nxe3 21. Qxe3 Qxe5 22. Bd3 Bd6 23. Qf2 exd3 24. Rxd3 Bd5+ 25. Kg1 Bxb3 26. Re1 Qg5 0-1

[Event "Vlissingen HZ op 26th"]
[Site "Vlissingen"]
[Date "2024.08.09"]
[Round "8"]
[White "Kalle, Erwin"]
[Black "Kazarjan, Gachatur"]
[Result "0-1"]
[WhiteElo "1998"]
[BlackElo "2100"]
[PlyCount "64"]
[EventDate "2024.08.03"]
[EventType "swiss"]
[EventRounds "9"]
[EventCountry "NED"]
[SourceTitle "CBM 221 Extra"]
[Source "ChessBase"]
[SourceDate "2024.09.30"]
[SourceVersion "1"]
[SourceVersionDate "2024.09.30"]
[SourceQuality "1"]

1. c4 f5 2. g3 Nf6 3. Bg2 e6 4. Nf3 Be7 5. 0-0 0-0 6. b3 Ne4 7. Bb2 Bf6 8. Qc2 a5 9. d3 Bxb2 10. Qxb2 Nf6 11. Nc3 d6 12. d4 Qe8 13. Rfe1 d5 14. Ne5 c6 15. f3 Na6 16. e4 fxe4 17. fxe4 Qd8 18. Rac1 dxc4 19. Nd1 cxb3 20. axb3 Nb4 21. Nf2 Nd7 22. Nfd3 Nxe5 23. Nxe5 Bd7 24. Red1 Qe7 25. d5 exd5 26. exd5 Rad8 27. dxc6 Bxc6 28. Rxd8 Rxd8 29. Bxc6 Nxc6 30. Nxc6 Qe3+ 31. Kh1 bxc6 32. Qc3 Rd1+ 0-1

[Event "Vlissingen HZ op 26th"]
[Site "Vlissingen"]
[Date "2024.08.04"]
[Round "3"]
[White "Van Gool, Henk"]
[Black "Kalle, Erwin"]
[Result "1-0"]
[WhiteElo "2172"]
[BlackElo "1998"]
[PlyCount "49"]
[EventDate "2024.08.03"]
[EventType "swiss"]
[EventRounds "9"]
[EventCountry "NED"]
[SourceTitle "CBM 221 Extra"]
[Source "ChessBase"]
[SourceDate "2024.09.30"]
[SourceVersion "1"]
[SourceVersionDate "2024.09.30"]
[SourceQuality "1"]

1. c4 Nf6 2. Nc3 g6 3. Nf3 Bg7 4. d4 d5 5. cxd5 Nxd5 6. Qb3 Nb6 7. Bf4 Be6 8. Qc2 Nc6 9. e3 0-0 10. a3 Na5 11. Bd3 Bb3 12. Qe2 c6 13. Rc1 Re8 14. Ne4 Na4 15. 0-0 b6 16. Ned2 Qd7 17. Nxb3 Nxb3 18. Rc2 Rad8 19. Bc4 Na5 20. Ba2 b5 21. Be5 Qf5 22. Bxg7 Kxg7 23. Ne5 c5 24. e4 Qf6 25. Qxb5 1-0

[Event "Groningen op-A 55th"]
[Site "Groningen"]
[Date "2017.12.24"]
[Round "4"]
[White "Bekedam, Tyro"]
[Black "Kalle, Erwin"]
[Result "1/2-1/2"]
[WhiteElo "2073"]
[BlackElo "1994"]
[PlyCount "44"]
[EventDate "2017.12.22"]
[EventType "swiss"]
[EventRounds "9"]
[EventCountry "NED"]
[SourceTitle "CBM 182 Extra"]
[Source "ChessBase"]
[SourceDate "2018.02.23"]
[SourceVersion "1"]
[SourceVersionDate "2018.02.23"]
[SourceQuality "1"]

1. e4 e5 2. Nf3 Nc6 3. Bb5 Nge7 4. Nc3 d6 5. d4 a6 6. Be2 exd4 7. Nxd4 Nxd4 8. Qxd4 Nc6 9. Qd3 Be7 10. Be3 Be6 11. f4 Bf6 12. 0-0 Qe7 13. a3 0-0 14. Nd5 Bxd5 15. exd5 Rae8 16. Kf2 Nd4 17. c3 Nc2 18. Qxc2 Qxe3+ 19. Ke1 Re4 20. g3 Rfe8 21. Rf2 Qc5 22. Rd1 Rd4 1/2-1/2

[Event "Groningen op-A 55th"]
[Site "Groningen"]
[Date "2017.12.23"]
[Round "2"]
[White "De Boer, Bas"]
[Black "Kalle, Erwin"]
[Result "1-0"]
[WhiteElo "2136"]
[BlackElo "1994"]
[PlyCount "39"]
[EventDate "2017.12.22"]
[EventType "swiss"]
[EventRounds "9"]
[EventCountry "NED"]
[SourceTitle "CBM 182 Extra"]
[Source "ChessBase"]
[SourceDate "2018.02.23"]
[SourceVersion "1"]
[SourceVersionDate "2018.02.23"]
[SourceQuality "1"]

1. Nf3 d6 2. d4 f5 3. g3 Nf6 4. Bg2 g6 5. 0-0 Bg7 6. b4 0-0 7. c4 Qe8 8. Bb2 h6 9. Nbd2 g5 10. Qc2 Nc6 11. b5 Nd8 12. Rfe1 Qh5 13. a4 f4 14. e4 Bh3 15. e5 Ng4 16. exd6 exd6 17. Re7 fxg3 18. hxg3 Nxf2 19. d5 Be5 20. Qh7# 1-0

[Event "Vlissingen HZ op 21st"]
[Site "Vlissingen"]
[Date "2017.08.07"]
[Round "4"]
[White "Brouwer, Dennis"]
[Black "Kalle, Erwin"]
[Result "1-0"]
[WhiteElo "2223"]
[BlackElo "2005"]
[PlyCount "83"]
[EventDate "2017.08.05"]
[EventType "swiss"]
[EventRounds "9"]
[EventCountry "NED"]
[SourceTitle "CBM 179 Extra"]
[Source "ChessBase"]
[SourceDate "2017.08.23"]
[SourceVersion "1"]
[SourceVersionDate "2017.08.23"]
[SourceQuality "1"]

1. e4 e5 2. Nf3 Nc6 3. Bb5 Nge7 4. 0-0 g6 5. c3 Bg7 6. d4 exd4 7. cxd4 d5 8. exd5 Nxd5 9. Bg5 Qd6 10. Nbd2 0-0 11. Ne4 Qb4 12. Qd3 Bf5 13. Rfe1 Rfe8 14. a3 Qa5 15. Bc4 Nb6 16. Ba2 Bxe4 17. Rxe4 Rxe4 18. Qxe4 Nxd4 19. Nxd4 Qxg5 20. Re1 Bxd4 21. Qxd4 Rd8 22. Qe4 c5 23. h4 Qf6 24. Qe7 Qxe7 25. Rxe7 Rd7 26. Bxf7+ Kf8 27. Rxd7 Nxd7 28. Bc4 Ke7 29. Kf1 Kd6 30. Ke2 Ne5 31. Bg8 h6 32. f4 Nd7 33. Bf7 Nf8 34. g4 Ke7 35. Bb3 b5 36. Ke3 Kd6 37. Bc2 a5 38. Bd3 Kd5 39. Be4+ Kd6 40. Bd3 Kd5 41. b3 Ke6 42. Bxg6 1-0

[Event "Vlissingen HZ op 21st"]
[Site "Vlissingen"]
[Date "2017.08.05"]
[Round "1"]
[White "Kalle, Erwin"]
[Black "Hng, Mei Xian Eunice"]
[Result "1-0"]
[WhiteElo "2005"]
[BlackElo "1516"]
[PlyCount "61"]
[EventDate "2017.08.05"]
[EventType "swiss"]
[EventRounds "9"]
[EventCountry "NED"]
[SourceTitle "CBM 179 Extra"]
[Source "ChessBase"]
[SourceDate "2017.08.23"]
[SourceVersion "1"]
[SourceVersionDate "2017.08.23"]
[SourceQuality "1"]

1. e4 c5 2. Nc3 e6 3. f4 Nc6 4. Nf3 d5 5. Bb5 dxe4 6. Nxe4 Bd7 7. d3 Nf6 8. 0-0 Be7 9. c3 a6 10. Ba4 0-0 11. Qe2 b5 12. Bc2 Rc8 13. Bd2 Qb6 14. Rae1 Nxe4 15. dxe4 c4+ 16. Kh1 Bc5 17. Ng5 h6 18. Nh3 Rfd8 19. Rf3 Ne7 20. Rg3 Qb7 21. Qh5 Kf8 22. f5 exf5 23. Bxh6 Ng6 24. exf5 Re8 25. Rf1 Re5 26. Rxg6 fxg6 27. fxg6+ Kg8 28. Qxe5 Bxh3 29. Be4 Qe7 30. Bd5+ Kh8 31. Bxg7+ 1-0

[Event "NED-ch U18/20"]
[Site "Assen"]
[Date "2017.04.27"]
[Round "7"]
[White "Kalle, Erwin"]
[Black "Elgersma, Simon"]
[Result "1-0"]
[WhiteElo "2039"]
[BlackElo "2189"]
[PlyCount "155"]
[EventDate "2017.04.23"]
[EventType "swiss"]
[EventRounds "9"]
[EventCountry "NED"]
[SourceTitle "CBM 178 Extra"]
[Source "ChessBase"]
[SourceDate "2017.06.22"]
[SourceVersion "1"]
[SourceVersionDate "2017.06.22"]
[SourceQuality "1"]

1. e4 e6 2. d4 d5 3. Nd2 c5 4. Ngf3 cxd4 5. exd5 Qxd5 6. Bc4 Qd7 7. 0-0 Nc6 8. Nb3 a6 9. Nbxd4 Nxd4 10. Nxd4 Qc7 11. Bb3 Bd6 12. h3 Bd7 13. Re1 Ne7 14. Qe2 0-0 15. Nf3 Ng6 16. Bd2 Rae8 17. Rad1 Kh8 18. Ba5 Qxa5 19. Rxd6 Bc6 20. Red1 Qf5 21. Qe3 Nf4 22. Nd4 Qg6 23. Qg3 Bxg2 24. Qxg6 hxg6 25. Ne2 Nxe2+ 26. Kxg2 Nf4+ 27. Kf3 Nh5 28. Rd7 Rb8 29. R1d6 Nf6 30. Re7 Kg8 31. Rb6 Rfc8 32. Rbxb7 Rxb7 33. Rxb7 Rc5 34. Rb8+ Kh7 35. Rb7 Rf5+ 36. Ke3 g5 37. c4 Kh6 38. f3 Nh5 39. Rb6 Nf4 40. Rxa6 Nxh3 41. Bd1 Re5+ 42. Kd2 f5 43. b4 g4 44. fxg4 f4 45. Ra5 Re3 46. Rh5+ Kg6 47. b5 Nf2 48. Bc2+ Ne4+ 49. Bxe4+ Rxe4 50. Kd3 Re1 51. Kd2 Rb1 52. Kc2 Ra1 53. Kb2 Rd1 54. b6 f3 55. b7 f2 56. b8Q f1Q 57. Qe8+ Qf7 58. Rg5+ Kf6 59. Qxf7+ Kxf7 60. a4 Kf6 61. Rb5 e5 62. a5 Rd2+ 63. Kb3 Rd3+ 64. Kb4 e4 65. Rd5 Rh3 66. Rh5 Rd3 67. Rd5 Rh3 68. Rh5 Rd3 69. Rh2 e3 70. Re2 Ke5 71. a6 Ke4 72. a7 Rd8 73. Kb5 Kd3 74. Re1 Kd2 75. Rh1 e2 76. Kb6 Rf8 77. c5 Kd3 78. Re1 1-0

[Event "NED-ch U18/20"]
[Site "Assen"]
[Date "2017.04.24"]
[Round "2"]
[White "Nieczyporowski, Miki"]
[Black "Kalle, Erwin"]
[Result "0-1"]
[WhiteElo "1616"]
[BlackElo "2039"]
[PlyCount "100"]
[EventDate "2017.04.23"]
[EventType "swiss"]
[EventRounds "9"]
[EventCountry "NED"]
[SourceTitle "CBM 178 Extra"]
[Source "ChessBase"]
[SourceDate "2017.06.22"]
[SourceVersion "1"]
[SourceVersionDate "2017.06.22"]
[SourceQuality "1"]

1. e4 e5 2. Nf3 Nc6 3. d4 exd4 4. Bc4 Nf6 5. 0-0 Nxe4 6. Re1 d5 7. Bxd5 Qxd5 8. Nc3 Qa5 9. Nxe4 Be6 10. Neg5 0-0-0 11. Nxe6 fxe6 12. Rxe6 Be7 13. Qd3 Qd5 14. Re4 Nb4 15. Qe2 Bf6 16. Ne1 d3 17. cxd3 Nxd3 18. Nxd3 Qxd3 19. Qxd3 Rxd3 20. Kf1 Rhd8 21. Rb1 Rd1+ 22. Re1 R8d5 23. Be3 Rxb1 24. Rxb1 Ra5 25. a3 Rb5 26. b3 a5 27. a4 Rh5 28. h3 b5 29. Bd2 Be7 30. g3 Rxh3 31. Kg2 Rh5 32. Rc1 b4 33. Be3 Rd5 34. Bf4 Bc5 35. Kf3 Kd7 36. Ke4 Rd4+ 37. Ke5 Bb6 38. Be3 Rd3 39. Bxb6 cxb6 40. Rb1 Kc6 41. Ke4 Rc3 42. Kd4 b5 43. Re1 Rxb3 44. axb5+ Kxb5 45. Re5+ Ka4 46. Re7 Rf3 47. Rxg7 b3 48. Kc4 b2 49. Rb7 Ka3 50. Rb5 a4 0-1

[Event "NED-ch U18/20"]
[Site "Assen"]
[Date "2017.04.23"]
[Round "1"]
[White "Kalle, Erwin"]
[Black "Van Foreest, Lucas"]
[Result "0-1"]
[WhiteElo "2039"]
[BlackElo "2477"]
[PlyCount "72"]
[EventDate "2017.04.23"]
[EventType "swiss"]
[EventRounds "9"]
[EventCountry "NED"]
[SourceTitle "CBM 178 Extra"]
[Source "ChessBase"]
[SourceDate "2017.06.22"]
[SourceVersion "1"]
[SourceVersionDate "2017.06.22"]
[SourceQuality "1"]

1. e4 e5 2. Nf3 Nc6 3. Bc4 Nf6 4. d3 Bc5 5. 0-0 0-0 6. Nbd2 a6 7. c3 Ba7 8. h3 d6 9. Bb3 Be6 10. Re1 h6 11. Nf1 Re8 12. Bc2 d5 13. Qe2 Qd6 14. Ng3 Rad8 15. Nh4 Ne7 16. Qf3 Nh7 17. Ngf5 Bxf5 18. Nxf5 Nxf5 19. Qxf5 Re6 20. d4 exd4 21. e5 g6 22. Qf4 Qb6 23. Qxh6 dxc3 24. Qh4 Rde8 25. bxc3 Rxe5 26. Rxe5 Rxe5 27. Qd8+ Kg7 28. Be3 Rxe3 29. fxe3 Qxe3+ 30. Kh1 Qxc3 31. Rf1 Qxc2 32. Qe7 Bf2 33. Qe5+ Nf6 34. Qf4 Ne4 35. Qe5+ Kh7 36. Qxd5 Ng3+ 0-1

[Event "Vlissingen HZ op 20th"]
[Site "Vlissingen"]
[Date "2016.08.10"]
[Round "6"]
[White "Kalle, Erwin"]
[Black "Sparenberg, Erik"]
[Result "1-0"]
[WhiteElo "1938"]
[BlackElo "2147"]
[PlyCount "83"]
[EventDate "2016.08.06"]
[EventType "swiss"]
[EventRounds "9"]
[EventCountry "NED"]
[SourceTitle "CBM 173 Extra"]
[Source "ChessBase"]
[SourceDate "2016.08.29"]
[SourceVersion "1"]
[SourceVersionDate "2016.08.29"]
[SourceQuality "1"]

1. e4 e5 2. Nf3 Nc6 3. Bc4 Nf6 4. Ng5 d5 5. exd5 Na5 6. Bb5+ c6 7. dxc6 bxc6 8. Bd3 Be7 9. 0-0 0-0 10. Re1 Ng4 11. h3 Nh6 12. Nf3 f6 13. b3 Nf5 14. Bb2 Nb7 15. Nc3 Kh8 16. Bxf5 Bxf5 17. d4 Qc7 18. Qe2 Rad8 19. dxe5 Nc5 20. b4 Ne6 21. Qc4 fxe5 22. Ne4 Rd5 23. Ng3 Bxh3 24. Nxe5 Bd6 25. Qxc6 Bxe5 26. Qxc7 Bxc7 27. gxh3 Nf4 28. Re7 Nxh3+ 29. Kh2 Rg5 30. Kxh3 Bb6 31. f4 Rg6 32. Rxg7 Rxg7 33. Nh5 Kg8 34. Bxg7 Rd8 35. Be5 Kf7 36. Nf6 Kg6 37. c4 Rd3+ 38. Kg2 Bd4 39. Re1 Rd2+ 40. Kf3 Kf5 41. Bxd4 Rxd4 42. Ne4 1-0

[Event "NED-ch U18"]
[Site "Rotterdam"]
[Date "2016.05.07"]
[Round "9"]
[White "Kalle, Erwin"]
[Black "Van der Werf, Joel"]
[Result "1/2-1/2"]
[WhiteElo "1862"]
[BlackElo "1702"]
[PlyCount "68"]
[EventDate "2016.04.29"]
[EventType "swiss"]
[EventRounds "9"]
[EventCountry "NED"]
[SourceTitle "CBM 172 Extra"]
[Source "ChessBase"]
[SourceDate "2016.06.21"]
[SourceVersion "1"]
[SourceVersionDate "2016.06.21"]
[SourceQuality "1"]

1. e4 c5 2. Nc3 e6 3. f4 Nc6 4. Nf3 d5 5. Bb5 Nge7 6. exd5 Nxd5 7. Bxc6+ bxc6 8. d3 Nxc3 9. bxc3 Qa5 10. Bd2 c4 11. 0-0 Bd6 12. Ng5 0-0 13. Rf3 h6 14. Ne4 Be7 15. Rh3 f5 16. Qh5 Bd7 17. Ng3 Bf6 18. d4 Bxd4+ 19. Kh1 Bxc3 20. Bxc3 Qxc3 21. Rd1 Be8 22. Qe2 Qf6 23. Qxc4 Rd8 24. Rxd8 Qxd8 25. Nf1 Qd5 26. Qa6 Qb5 27. Qxb5 cxb5 28. Ra3 Rf7 29. Ne3 Rc7 30. Kg1 Kf7 31. Kf2 Ke7 32. Ke2 g5 33. g3 Kd8 34. Kd3 Ke7 1/2-1/2

[Event "NED-ch U18"]
[Site "Rotterdam"]
[Date "2016.04.30"]
[Round "2"]
[White "Van Baar, Esper"]
[Black "Kalle, Erwin"]
[Result "0-1"]
[WhiteElo "2053"]
[BlackElo "1862"]
[PlyCount "86"]
[EventDate "2016.04.29"]
[EventType "swiss"]
[EventRounds "9"]
[EventCountry "NED"]
[SourceTitle "CBM 172 Extra"]
[Source "ChessBase"]
[SourceDate "2016.06.21"]
[SourceVersion "1"]
[SourceVersionDate "2016.06.21"]
[SourceQuality "1"]

1. e4 e6 2. d4 d5 3. Nd2 Nf6 4. e5 Nfd7 5. Bd3 c5 6. c3 Nc6 7. Ne2 cxd4 8. cxd4 f6 9. exf6 Nxf6 10. 0-0 Bd6 11. Nf3 Qc7 12. Bg5 0-0 13. Rc1 Bd7 14. Bb1 Be8 15. Nc3 Bh5 16. Nb5 Qd7 17. Nxd6 Qxd6 18. Bxf6 Rxf6 19. Qd3 Bxf3 20. gxf3 Rg6+ 21. Kh1 Rh6 22. f4 Qxf4 23. Qg3 Rf8 24. Rc3 Qxg3 25. Rxg3 Nxd4 26. Kg2 Rhf6 27. Rc3 Nc6 28. b4 e5 29. b5 Nd4 30. Rc5 Ne6 31. Rc2 Rf4 32. b6 a6 33. Rb2 e4 34. Rc1 Rf3 35. Rd1 Nf4+ 36. Kg1 Rf6 37. a4 Rg6+ 38. Kf1 Rh6 39. Ba2 Rxh2 40. Bxd5+ Kf8 41. Kg1 Rg2+ 42. Kf1 Rh3 43. Ke1 Rg1+ 0-1

[Event "Maastricht Limburg op-B 9th"]
[Site "Maastricht"]
[Date "2015.05.24"]
[Round "4"]
[White "Kalle, Erwin"]
[Black "Toll, Maarten"]
[Result "1-0"]
[WhiteElo "1744"]
[BlackElo "1886"]
[PlyCount "55"]
[EventDate "2015.05.22"]
[EventType "swiss"]
[EventRounds "7"]
[EventCountry "NED"]
[SourceTitle "EXT 2016"]
[Source "ChessBase"]
[SourceDate "2015.10.08"]
[SourceVersion "1"]
[SourceVersionDate "2015.10.08"]
[SourceQuality "1"]

1. e4 c5 2. Nc3 e6 3. f4 a6 4. g3 b5 5. Bg2 Bb7 6. d3 h5 7. Nf3 Nc6 8. 0-0 Be7 9. h3 f6 10. f5 Qc7 11. Ne2 Nh6 12. Nh4 0-0-0 13. Nf4 exf5 14. Nd5 Qb8 15. Bxh6 Rxh6 16. Nxf5 Bd6 17. Nxh6 gxh6 18. Qxh5 Nd4 19. c3 Nc2 20. Rac1 Bxd5 21. exd5 Ne3 22. Rf3 Nxg2 23. Kxg2 Rg8 24. g4 Kb7 25. Qf7 Qc8 26. Rxf6 Bb8 27. Re1 Rg5 28. Re7 1-0

[Event "Maastricht Limburg op-B 9th"]
[Site "Maastricht"]
[Date "2015.05.24"]
[Round "5"]
[White "Valstar, Jasper"]
[Black "Kalle, Erwin"]
[Result "0-1"]
[WhiteElo "1912"]
[BlackElo "1744"]
[PlyCount "66"]
[EventDate "2015.05.22"]
[EventType "swiss"]
[EventRounds "7"]
[EventCountry "NED"]
[SourceTitle "EXT 2016"]
[Source "ChessBase"]
[SourceDate "2015.10.08"]
[SourceVersion "1"]
[SourceVersionDate "2015.10.08"]
[SourceQuality "1"]

1. e4 e5 2. Nf3 Nc6 3. d4 exd4 4. Nxd4 Nf6 5. Nxc6 bxc6 6. e5 Qe7 7. Qe2 Nd5 8. c4 Ba6 9. b3 g6 10. f4 Bg7 11. Ba3 Nxf4 12. Bxe7 Nxe2 13. Bf6 Bxf6 14. exf6 Nd4 15. Bd3 0-0-0 16. 0-0 Rhe8 17. Na3 c5 18. Rae1 Bb7 19. Re7 Rf8 20. h4 Rde8 21. Ree1 Kd8 22. Nb1 Rxe1 23. Rxe1 Re8 24. Rxe8+ Kxe8 25. Nc3 d6 26. Kf2 Kd7 27. Be4 Bxe4 28. Nxe4 h6 29. g4 Ke6 30. Ke3 Ke5 31. g5 hxg5 32. hxg5 Kf5 33. Nc3 Kxg5 0-1

[Event "Maastricht Limburg op-B 9th"]
[Site "Maastricht"]
[Date "2015.05.23"]
[Round "2"]
[White "Kalle, Erwin"]
[Black "Nguyen, Sang"]
[Result "0-1"]
[WhiteElo "1744"]
[BlackElo "1803"]
[PlyCount "128"]
[EventDate "2015.05.22"]
[EventType "swiss"]
[EventRounds "7"]
[EventCountry "NED"]
[SourceTitle "EXT 2016"]
[Source "ChessBase"]
[SourceDate "2015.10.08"]
[SourceVersion "1"]
[SourceVersionDate "2015.10.08"]
[SourceQuality "1"]

1. e4 d6 2. d4 Nf6 3. Nc3 Nbd7 4. f4 e5 5. fxe5 dxe5 6. dxe5 Nxe5 7. Qxd8+ Kxd8 8. Bg5 c6 9. Nf3 Bd6 10. Rd1 Kc7 11. Nd4 a6 12. Be2 Bg4 13. Rf1 Bxe2 14. Kxe2 Ned7 15. Nf5 Be5 16. Bf4 Bxf4 17. Rxf4 g5 18. Rff1 Rhe8 19. Nd6 Re7 20. Rf5 h6 21. h3 Rf8 22. Ke3 b5 23. Rf2 b4 24. Na4 Nd5+ 25. Kd2 Kxd6 26. exd5 cxd5 27. Kc1 Kc6 28. Rfd2 Re5 29. c4 bxc3 30. bxc3 Nc5 31. Nxc5 Kxc5 32. Rf1 f5 33. Kc2 Re3 34. Rff2 f4 35. Rd4 Rfe8 36. Rfd2 R8e5 37. h4 f3 38. hxg5 hxg5 39. Rg4 Rf5 40. gxf3 Rexf3 41. Rdg2 Rf2+ 42. Rxf2 Rxf2+ 43. Kb3 Rf5 44. Kc2 Kd6 45. Ra4 Ke5 46. Rxa6 g4 47. Rg6 Rf2+ 48. Kb3 Kf4 49. a4 Kg3 50. a5 Rf7 51. a6 Kf3 52. Kb4 Rc7 53. Kb5 Rxc3 54. a7 Rc8 55. Ra6 Ra8 56. Kc5 g3 57. Kxd5 g2 58. Ra3+ Kf2 59. Ra2+ Kf3 60. Ra3+ Kf4 61. Ra4+ Kf5 62. Ra1 Rxa7 63. Rxa7 g1Q 64. Rf7+ Kg6 0-1

[Event "NED-ch U21"]
[Site "Rotterdam"]
[Date "2015.05.07"]
[Round "7"]
[White "Beerdsen, Thomas"]
[Black "Kalle, Erwin"]
[Result "1-0"]
[WhiteElo "2291"]
[BlackElo "1744"]
[PlyCount "59"]
[EventDate "2015.05.02"]
[EventType "swiss"]
[EventRounds "9"]
[EventCountry "NED"]
[SourceTitle "EXT 2016"]
[Source "ChessBase"]
[SourceDate "2015.10.08"]
[SourceVersion "1"]
[SourceVersionDate "2015.10.08"]
[SourceQuality "1"]

1. e4 e6 2. d4 d5 3. Nd2 Nf6 4. e5 Nfd7 5. f4 c5 6. c3 Nc6 7. Ndf3 Qb6 8. g3 cxd4 9. cxd4 Bb4+ 10. Kf2 f6 11. Kg2 0-0 12. h4 Qc7 13. Be3 Be7 14. Rc1 Nb6 15. Bd3 f5 16. g4 fxg4 17. Ng5 Bxg5 18. hxg5 g6 19. Qxg4 Qf7 20. b3 Bd7 21. Ne2 Nb4 22. Bb1 Rac8 23. Nc3 a5 24. Rh3 Rc7 25. Bd2 Qe8 26. Rch1 Bc6 27. Qg3 Rg7 28. Nd1 Qe7 29. Nf2 Bb5 30. Ng4 1-0

[Event "NED-ch U21"]
[Site "Rotterdam"]
[Date "2015.05.05"]
[Round "5"]
[White "Geene, Joris"]
[Black "Kalle, Erwin"]
[Result "1/2-1/2"]
[WhiteElo "1840"]
[BlackElo "1744"]
[PlyCount "47"]
[EventDate "2015.05.02"]
[EventType "swiss"]
[EventRounds "9"]
[EventCountry "NED"]
[SourceTitle "EXT 2016"]
[Source "ChessBase"]
[SourceDate "2015.10.08"]
[SourceVersion "1"]
[SourceVersionDate "2015.10.08"]
[SourceQuality "1"]

1. e4 e6 2. d4 d5 3. Nc3 Bb4 4. e5 c5 5. a3 Bxc3+ 6. bxc3 Ne7 7. Qg4 Kf8 8. Bd3 Qa5 9. Bd2 Qa4 10. Ra2 Nbc6 11. Nf3 b6 12. Qf4 h6 13. g4 Ba6 14. Bxa6 Qxa6 15. g5 Ng6 16. Qe3 Qc4 17. Rb2 Nce7 18. gxh6 gxh6 19. h4 Nf5 20. Qe2 Qa4 21. h5 Qxa3 22. Qb5 Nge7 23. Rb3 Qa1+ 24. Rb1 1/2-1/2

[Event "NED-ch U21"]
[Site "Rotterdam"]
[Date "2015.05.04"]
[Round "4"]
[White "Kalle, Erwin"]
[Black "Zevenhuizen, Daniel"]
[Result "0-1"]
[WhiteElo "1744"]
[BlackElo "1959"]
[PlyCount "32"]
[EventDate "2015.05.02"]
[EventType "swiss"]
[EventRounds "9"]
[EventCountry "NED"]
[SourceTitle "EXT 2016"]
[Source "ChessBase"]
[SourceDate "2015.10.08"]
[SourceVersion "1"]
[SourceVersionDate "2015.10.08"]
[SourceQuality "1"]

1. e4 d6 2. d4 Nf6 3. Nc3 g6 4. f4 Bg7 5. Nf3 c5 6. dxc5 Qa5 7. Bd3 Qxc5 8. Qe2 0-0 9. Be3 Qb4 10. Bd2 Nc6 11. 0-0 Qb6+ 12. Qf2 Qxb2 13. Nb5 Nxe4 14. Bxe4 Qxb5 15. Rab1 Qc4 16. Rb3 Qxe4 0-1